=LDR 00000nam 2200000 4500 =001 INLIS00000000000084 =005 20260702043538 =020 ##$$a 978-602-1942-81-9 =082 ##$$a 635.000 =100 1#$$a Padmiarso, Ir. =245 1 $$a Rahasia Sukses Bertanam Sayuran Di Pekarangan /$c Ir. Padmiarso =300 ##$$a 80 ; 14,8 x 21 cm